| 000 | 00483nam a2200181Ia 4500 | ||
|---|---|---|---|
| 003 | LK-CoDNM | ||
| 005 | 20240318141242.0 | ||
| 008 | 010623t1914 xxu||||| |||| 00| 1 sin d | ||
| 040 |
_aLK-CoDNM _dLK-CoDNM _eLK-CoDNM |
||
| 041 | _asin | ||
| 080 | _a104 II11 | ||
| 245 | _aබෞද්ධ සහෝදරයා | ||
| 246 | _aBauddha Sahodaraya | ||
| 260 |
_bThe Buddhist Fraternal Association _aColombo _c1914 |
||
| 300 |
_bDamaged _a10p.,24 cm |
||
| 650 | _aBuddhism | ||
| 942 | _cBK | ||
| 999 |
_c88219 _d88219 |
||